Analise economica de sistemas de producao de sorgo sacarino sob condicoes de risco (Registro n. 336452)
[ somente texto ]
| 000 -LÍDER | |
|---|---|
| campo de controle de tamanho fixo | 01229naa a22003377a 4500 |
| 001 - NÚMERO DE CONTROLE | |
| campo de controle | BR9400828 |
| 003 - IDENTIFICADOR DO NÚMERO DE CONTROLE | |
| campo de controle | BR-BrBNA |
| 005 - DATA E HORÁRIO DA ÚLTIMA TRANSAÇÃO | |
| campo de controle | 20250721155429.0 |
| 007 - CAMPO FIXO DE DESCRIÇÃO FÍSICA--INFORMAÇÃO GERAL | |
| campo de controle de tamanho fixo | ta |
| 008 - CAMPO DE DADOS FIXOS--INFORMAÇÃO GERAL | |
| campo de controle de tamanho fixo | 250630b bl.|||m| |||| 00| 0 por d |
| 040 ## - FONTE DA CATALOGAÇÃO | |
| Instituição da catalogação original | BR-BrBNA |
| Idioma da catalogação | por |
| Instituição que transcreveu o registro | Biblioteca Nacional de Agricultura |
| 041 ## - CÓDIGO DE IDIOMA | |
| Código do idioma do texto/trilha sonora ou título diferente | (Pt) |
| 072 ## - CÓDIGO DE CATEGORIA DE ASSUNTO | |
| Código de Categoria de Assunto | E16 |
| Código do objeto | 0240 |
| 090 ## - NÚMERO DE CHAMADA LOCAL | |
| Número de chamada | E16 BR9400828 |
| 100 1# - ENTRADA PRINCIPAL--NOME PESSOAL | |
| Nome pessoal | Porto, V.H. da F. |
| 100 1# - ENTRADA PRINCIPAL--NOME PESSOAL | |
| Nome pessoal | Cordeiro, D.S. |
| 100 1# - ENTRADA PRINCIPAL--NOME PESSOAL | |
| Nome pessoal | Kichel, A.N. |
| 100 1# - ENTRADA PRINCIPAL--NOME PESSOAL | |
| Nome pessoal | Azambuja, I.H.V. |
| 111 1# - ENTRADA PRINCIPAL--NOME DO EVENTO | |
| Nome do evento ou lugar | 13. Reuniao Tecnica Anual do Sorgo |
| Local do evento | Pelotas, RS (Brazil) |
| Data do evento ou assinatura do tratado | 24-27 Jul 1984 |
| 245 1# - TÍTULO | |
| Título | Analise economica de sistemas de producao de sorgo sacarino sob condicoes de risco |
| 490 ## - TÍTULO DA SÉRIE | |
| Título da série | Documentos - Centro de Pesquisa Agropecuaria de Terras Baixas de Clima Temperado (Brazil) |
| Número do volume ou designação sequencial da série | no. 18 |
| 500 ## - NOTA GERAL | |
| Nota geral | Anais da 13. Reuniao Tecnica Anual do Sorgo<br/>Pelotas, RS (Brasil): 1986. p. 17-34<br/>(BR9400828-AMS)<br/> |
| 650 ## - ASSUNTO--TERMO TÓPICO | |
| Cabeçalho tópico ou nome geográfico | Sorgo Acucareiro |
| 650 ## - ASSUNTO--TERMO TÓPICO | |
| Cabeçalho tópico ou nome geográfico | Analise Economica |
| 650 ## - ASSUNTO--TERMO TÓPICO | |
| Cabeçalho tópico ou nome geográfico | Sistema de Producao |
| 650 ## - ASSUNTO--TERMO TÓPICO | |
| Cabeçalho tópico ou nome geográfico | Variedade |
| 650 ## - ASSUNTO--TERMO TÓPICO | |
| Cabeçalho tópico ou nome geográfico | Modelo Matematico |
| 773 0# - ENTRADA ANALÍTICA | |
| Título | Anais da 13. Reuniao Tecnica Anual do Sorgo |
| Número de controle do registro | E16 BR9400828 |
| Partes relacionadas | Pelotas, RS (Brasil), 1986. p. 17-34 |
| 942 ## - ELEMENTOS DE ENTRADA ADICIONADOS (KOHA) | |
| Tipo de material Koha | Analítica de Monografia Seriada |
| Fonte da classificação ou esquema de arquivamento na estante | Classificação AGRIS |
| 909 ## - | |
| -- | 202506 |
| -- | Lúcia |
| -- | 55 |
| -- | Lúcia Elande |
| Situação do descarte | Fonte da classificação ou esquema de arquivamento na estante | Situação física | Não pode ser emprestado | Coleção | Biblioteca de origem | Biblioteca atual | Total de empréstimos | Data de último acesso | Número do exemplar | Tipo de material Koha | Situação das perdas | Data de aquisição | Fonte de aquisição |
|---|---|---|---|---|---|---|---|---|---|---|---|---|---|
| Classificação AGRIS | Biblioteca Nacional de Agricultura - Binagri | Biblioteca Nacional de Agricultura - Binagri | 30/06/2025 | 01 | Analítica de Monografia Seriada | 2025-06-30 | Portaria Interministerial nº 164/94 |

BINAGRI